Introduction to the financial system /

ntroduction to the payments and financing systems. Financial institutions. Financial markets. Financial market dynamics. Hedging financial market risk.

Đã lưu trong:
Chi tiết về thư mục
Tác giả chính: Terry, Chris.
Tác giả khác: Hunt, Ben., Hutcheson, Tiffany.
Định dạng: Sách
Ngôn ngữ:English
Được phát hành: South Melbourne : Nelson Thomson Learning, 2000.
Những chủ đề:
Các nhãn: Thêm thẻ
Không có thẻ, Là người đầu tiên thẻ bản ghi này!
Thư viện lưu trữ: Mạng thư viện Đại học Đà Nẵng
LEADER 01196cam a2200397 i 4500
001 000048311
003 8024
005 20030312133711.0
008 010315|2000 vm 000 eng
020 |a 0170102149 
040 |a IRC  |c IRC  |d IRC 
041 0 |a eng 
082 1 4 |a 332.0994  |b TE-C 
100 1 |a Terry, Chris. 
245 0 0 |a Introduction to the financial system /  |c Chris Terry, Tiffany Hutcheson, Ben Hunt. 
260 |a South Melbourne :  |b Nelson Thomson Learning,  |c 2000. 
300 |a viii, 350 p. :  |b ill. ;  |c 27.5cm. 
520 3 |a ntroduction to the payments and financing systems. Financial institutions. Financial markets. Financial market dynamics. Hedging financial market risk. 
630 0 4 |a Australia. 
630 0 4 |a Finance. 
630 0 4 |a Markets. 
650 0 4 |a Finance  |z Australia. 
650 0 4 |a Financial institutions  |z Australia. 
650 0 4 |a Markets  |z Australia. 
700 1 |a Hunt, Ben. 
700 1 |a Hutcheson, Tiffany. 
OWN |a DUT 
999 |a From the UDN01 
TYP |a Monograph 
TYP |a Printed language 
980 |a Mạng thư viện Đại học Đà Nẵng